Flood risk and property (Record no. 106437)
[ view plain ]
| 000 -LEADER | |
|---|---|
| fixed length control field | 02398cam a2200253 4500 |
| 001 - CONTROL NUMBER | |
| control field | L136570 |
| 008 - FIXED-LENGTH DATA ELEMENTS--GENERAL INFORMATION | |
| fixed length control field | 070207n2006 000 0 eng u |
| 035 ## - SYSTEM CONTROL NUMBER | |
| System control number | (Sirsi) u136570 |
| 041 0# - LANGUAGE CODE | |
| Language code of text/sound track or separate title | eng |
| 050 ## - LIBRARY OF CONGRESS CALL NUMBER | |
| Classification number | 711.26 $2 18 |
| 100 1# - MAIN ENTRY--PERSONAL NAME | |
| Personal name | Kenney, Sarah |
| 245 00 - TITLE STATEMENT | |
| Title | Flood risk and property |
| Remainder of title | impacts on commercial and residential stakeholders' strategies |
| Medium | [electronic resource] |
| 260 ## - PUBLICATION, DISTRIBUTION, ETC. | |
| Place of publication, distribution, etc. | Reading |
| Name of publisher, distributor, etc. | College of Estate Management |
| Date of publication, distribution, etc. | 2006 |
| 505 2# - FORMATTED CONTENTS NOTE | |
| Formatted contents note | Flood risk -- Flood damage and property -- Flood defences and mitigation measures -- Flooding and insurance -- Flood risk, property and values -- Questionnaire, results and analysis -- Interview results and analysis -- Commercial case studies -- Residential case studies. |
| 520 ## - SUMMARY, ETC. | |
| Summary, etc. | Covers research into flood risk carried out by the College of Estates Management which found that: the availability of flood-risk insurance is a key determinant of property development and investment decisions in the UK; the UK is unusual in the current extent of privately available flood insurance for property, but is dependent on a global reinsurance market; increasing flood-risk is likely to put a strain on insurance availability and have a significant impact on property lending and therefore on values in flood-prone areas; flood-risk assessments on property acquisitions for development, investment and business occupation are generally only undertaken if a problem is suspected, not as a matter of course; property investment portfolios are generally not subject to periodic monitoring for changes in the flood-risk status of sites and buildings; the presence of flood defences appears to be interpreted as equating to a lower risk of flooding, making sites appear more suitable for development; and property investors and occupiers are still eager to locate in London, on the assumption that the Thames Barrier offers significant protection and that the government will take all necessary measures to prevent the capital from flooding. |
| 590 ## - LOCAL NOTE (RLIN) | |
| Local note | KA NTK |
| 651 #4 - SUBJECT ADDED ENTRY--GEOGRAPHIC NAME | |
| Geographic name | United Kingdom |
| Chronological subdivision | |
| 690 ## - LOCAL SUBJECT ADDED ENTRY--TOPICAL TERM (OCLC, RLIN) | |
| Topical term or geographic name as entry element | ENVIRONMENTAL AND LAND CONSULTANCY-WATER RESOURCE MANAGEMENT-FLOODING |
| 700 1# - ADDED ENTRY--PERSONAL NAME | |
| Personal name | Pottinger, Gaye |
| 700 1# - ADDED ENTRY--PERSONAL NAME | |
| Personal name | Plimmer, Frances |
| 700 1# - ADDED ENTRY--PERSONAL NAME | |
| Personal name | Pocock, Yasmin |
| 856 40 - ELECTRONIC LOCATION AND ACCESS | |
| Uniform Resource Identifier | <a href="https://www.cem.ac.uk/OurResearch/ReportsAndPublications/ResearchPapers.aspx?id=348">https://www.cem.ac.uk/OurResearch/ReportsAndPublications/ResearchPapers.aspx?id=348</a> |
| Public note | View the item free charge at www.cem.ac.uk after registering |
| 942 ## - ADDED ENTRY ELEMENTS (KOHA) | |
| Suppress in OPAC | 0 |
| Withdrawn status | Lost status | Source of classification or shelving scheme | Damaged status | Not for loan | Home library | Current library | Shelving location | Date acquired | Total Checkouts | Full call number | Barcode | Date last seen | Copy number | Price effective from | Koha item type |
|---|---|---|---|---|---|---|---|---|---|---|---|---|---|---|---|
| Dewey Decimal Classification | Virtual | Virtual | Online | 07/02/2007 | ONLINE PUBLICATION | 136570-1001 | 06/08/2019 | 1 | 06/08/2019 | Book |